The capital and rental valuation of hotels in Asia (Record no. 115152)
[ view plain ]
| 000 -LEADER | |
|---|---|
| fixed length control field | 01417cam a2200241 4500 |
| 001 - CONTROL NUMBER | |
| control field | L158118 |
| 008 - FIXED-LENGTH DATA ELEMENTS--GENERAL INFORMATION | |
| fixed length control field | 140703n2014 000 0 eng u |
| 020 ## - INTERNATIONAL STANDARD BOOK NUMBER | |
| International Standard Book Number | 978178320497 |
| 035 ## - SYSTEM CONTROL NUMBER | |
| System control number | (Sirsi) u158118 |
| 041 0# - LANGUAGE CODE | |
| Language code of text/sound track or separate title | eng |
| 110 2# - MAIN ENTRY--CORPORATE NAME | |
| Corporate name or jurisdiction name as entry element | Royal Institution of Chartered Surveyors |
| 9 (RLIN) | 4900 |
| 245 04 - TITLE STATEMENT | |
| Title | The capital and rental valuation of hotels in Asia |
| Medium | [electronic resource] |
| 250 ## - EDITION STATEMENT | |
| Edition statement | 1st ed |
| 260 ## - PUBLICATION, DISTRIBUTION, ETC. | |
| Place of publication, distribution, etc. | London |
| Name of publisher, distributor, etc. | RICS |
| Date of publication, distribution, etc. | 2014 |
| 490 #0 - SERIES STATEMENT | |
| Series statement | RICS Information Paper Asia |
| 520 ## - SUMMARY, ETC. | |
| Summary, etc. | Provides guidance on the valuation of hotels in Asia. Guidance relates to the valuation of an individual property or a number of properties, having regard to its trading potential. Includes properties valued on the basis that vacant possession is available as well as those to be valued as investments Deals with valuations of hotels as fully equipped and operational entities, licences, consents, certificates and permits, valuation for secured lending purposes and confidentiality issues. Guidance does not apply to countries in RICS South Asia Region which includes India, Sri Lanka, Bangladesh, Myanmar and Nepal. |
| 651 #4 - SUBJECT ADDED ENTRY--GEOGRAPHIC NAME | |
| Geographic name | ASIA |
| 651 #4 - SUBJECT ADDED ENTRY--GEOGRAPHIC NAME | |
| Geographic name | ASEAN |
| 690 ## - LOCAL SUBJECT ADDED ENTRY--TOPICAL TERM (OCLC, RLIN) | |
| Topical term or geographic name as entry element | Commercial property |
| 9 (RLIN) | 6227 |
| 690 ## - LOCAL SUBJECT ADDED ENTRY--TOPICAL TERM (OCLC, RLIN) | |
| Topical term or geographic name as entry element | Valuation |
| 9 (RLIN) | 6273 |
| 856 40 - ELECTRONIC LOCATION AND ACCESS | |
| Uniform Resource Identifier | <a href="https://www.rics.org/Global/Capital_and_rental_valuation_of_hotels_in_Asia_1st_edition_PGguidance_2014.pdf">https://www.rics.org/Global/Capital_and_rental_valuation_of_hotels_in_Asia_1st_edition_PGguidance_2014.pdf</a> |
| Public note | View the full document free of charge at www.rics.org. |
| 942 ## - ADDED ENTRY ELEMENTS (KOHA) | |
| Suppress in OPAC | 0 |
| Withdrawn status | Lost status | Source of classification or shelving scheme | Damaged status | Not for loan | Home library | Current library | Shelving location | Date acquired | Total Checkouts | Full call number | Barcode | Date last seen | Copy number | Price effective from | Koha item type |
|---|---|---|---|---|---|---|---|---|---|---|---|---|---|---|---|
| Dewey Decimal Classification | Virtual | Virtual | Online | 03/07/2014 | ONLINE PUBLICATION | 158118-2001 | 06/08/2019 | 1 | 06/08/2019 | Book |